The Other Roles - Statistics

General Stats
  • This quiz has been taken 19 times
  • The average score is 15 of 52
Answer Stats
Hint Answer % Correct
Neutral Roles Jackal
83%
Neutral Roles Jester
83%
Impostor Role Vampire
83%
Neutral Roles Arsonist
67%
Neutral Roles Sidekick
67%
Crewmate Roles Engineer
50%
Impostor Role Eraser
50%
Neutral Roles Lawyer
50%
Crewmate Roles Medic
50%
Crewmate Roles Seer
50%
Crewmate Roles Swapper
50%
Impostor Role Warlock
50%
Impostor Role Camouflager
33%
Impostor Role Cleaner
33%
Modifier Invert
33%
Impostor Role Janitor
33%
Crewmate Roles Medium
33%
Modifier Mini
33%
Impostor Role Morphling
33%
Neutral Roles Prosecutor
33%
Crewmate Roles Sheriff
33%
Modifier Shifter
33%
Impostor Role Trickster
33%
Neutral Roles Vulture
33%
Impostor Role Witch
33%
Modifier Chameleon
17%
Crewmate Roles Detective
17%
Impostor Role Godfather
17%
Neutral Roles Guesser
17%
Crewmate Roles Hacker
17%
Crewmate Roles Lighter
17%
Impostor Role Mafioso
17%
Crewmate Roles Mayor
17%
Impostor Role Ninja
17%
Neutral Roles Pursuer
17%
Crewmate Roles Security guard
17%
Crewmate Roles Snitch
17%
Crewmate Roles Spy
17%
Modifier Sunglasses
17%
Neutral Roles Thief
17%
Crewmate Roles Time Master
17%
Crewmate Roles Tracker
17%
Crewmate Roles Trapper
17%
Modifier Anti Teleport
0%
Modifier Bait
0%
Modifier Bloody
0%
Impostor Role Bomber
0%
Impostor Role Bounty Haunter
0%
Modifier Lovers
0%
Crewmate Roles Portalmaker
0%
Modifier Tie Breaker
0%
Modifier VIP
0%
No matching quizzes found
Score Distribution
Percent of People with Each Score
Percentile by Number Answered
Your Score History
You have not taken this quiz